000 00776nam a2200241 i 4500
001 bg
003 KOSZ 005
005 20200630132820.0
008 080524s1964 pl a f 000 0 pol
015 _aPB 1964/6697
040 _aWA N
_cKOSZ 005/RW
_dKOSZ 005/RW
080 _a624
100 1 _aNowacki, Witold
_d(1911-1986)
_eAutor
245 1 0 _aMechanika budowli.
_nT. 1 /
_cWitold Nowacki.
250 _aWyd. 2.
260 _aWarszawa :
_bPaństwowe Wydawnictwo Naukowe,
_c1964.
300 _a547 s. :
_bil. ;
_c23 cm.
380 _aKsiążki.
650 4 _aMechanika budowli
710 2 _aPaństwowe Wydawnictwo Naukowe
_4pbl.
856 _uhttp://koha.tu.koszalin.pl/cgi-bin/koha/opac-detail.pl?biblionumber=10834
_yKatalog online BPK
942 _2UKD
_cKS
999 _c10834
_d10834